Vocabulario automovilista: inglés - español español - inglés
Kaydedildi:
| Müşterek Yazar: | |
|---|---|
| Materyal Türü: | Kitap |
| Dil: | İngilizce İspanyolca |
| Baskı/Yayın Bilgisi: |
Detroit
General Motors
1965
|
| Edisyon: | 2a. ed |
| Konular: | |
| Etiketler: |
Etiketle
Etiket eklenmemiş, İlk siz ekleyin!
|
MARC
| LEADER | 00000nam a2200000 a 4500 | ||
|---|---|---|---|
| 001 | UCU6777 | ||
| 003 | CL-VaPUC | ||
| 008 | 960621e19650000us |||||||||||||||||eng|d | ||
| 041 | 0 | 7 | |a eng |2 CL-VaPUC |
| 041 | 0 | 7 | |a spa |2 CL-VaPUC |
| 082 | 0 | 4 | |a 629.2 |b GEN |2 21 |
| 110 | 2 | |a General Motors Corporation. Foreign Distributors Division |e author |9 365158 | |
| 245 | 1 | 0 | |a Vocabulario automovilista: inglés - español español - inglés |
| 250 | |a 2a. ed | ||
| 300 | |a 87 p | ||
| 942 | |c BK | ||
| 945 | |d 19960621 00:00:00 |a paguirre | ||
| 260 | |a Detroit |b General Motors |c 1965 | ||
| 650 | 0 | |a Automóviles |9 260871 | |
| 650 | 0 | |a Vehículos de motor |9 428686 | |
| 650 | 0 | |a Vocabularios |9 316229 | |
| 650 | 7 | |a TERMINOLOGIA |2 CL-VaPUC |9 254881 | |
| 583 | |a last modification |c 20171011 02:24:05 |k Rodrigo Vera | ||
| 999 | |c 249593 |d 249591 | ||
| 952 | |0 0 |1 0 |4 0 |6 629_200000000000000_GEN_1965 |7 0 |8 A |9 266911 |a BIBING |b BIBING |d 2019-11-19 |i 1691090 |o 629.2 GEN 1965 |p 1691090 |r 2025-01-20 |w 2019-11-19 |y BK |k TRA | ||
| 952 | |0 0 |1 0 |4 0 |6 629_200000000000000_GEN_1965 |7 0 |8 A |9 266912 |a BIBING |b BIBING |d 2019-11-19 |i 1691147 |o 629.2 GEN 1965 |p 1691147 |r 2025-01-20 |w 2019-11-19 |y BK |k TRA | ||